The Way I Loved You lyrics - Statistics

General Stats
  • This quiz has been taken 106 times
  • The average score is 291 of 326
Answer Stats
Lyrics % Correct
a
100%
a.m.
100%
and
100%
And
100%
I
100%
in
100%
love
100%
that
100%
the
100%
two
100%
way
100%
"You
100%
you
100%
it's
98%
It's
98%
loved
98%
your
98%
cursing
96%
I'm
96%
name
96%
rain
96%
that's
96%
That's
96%
But
94%
feel
94%
kissing
94%
screaming
94%
so
94%
So
94%
to
94%
He
92%
he
92%
is
90%
act
88%
insane
88%
never
88%
Never
88%
beautiful
86%
could
86%
fighting
86%
knew
86%
look
86%
miss
86%
my
86%
perfectly
86%
says
86%
says,
86%
all
84%
coaster
84%
fine
84%
mother,
84%
much
84%
roller
84%
tonight"
84%
when
84%
father
82%
friends
82%
hear
82%
with
82%
coming
80%
door
80%
He's
80%
his
80%
incredible
80%
me
80%
talks
80%
up
80%
anything
78%
are
78%
Breakin'
78%
business
78%
down
78%
for
78%
jealous
78%
will
78%
ask
76%
car
76%
into
76%
kinda
76%
like
76%
opens
76%
sensible
76%
at
74%
better
74%
charming
74%
comfortable
74%
exactly
74%
rush
74%
single
74%
can't
72%
get
72%
not
72%
close
70%
couldn't
70%
everything
70%
feeling
70%
Just
70%
makes
70%
need
70%
see
70%
undone
70%
calls
68%
'cause
68%
faking
68%
heart's
68%
smile
68%
space
68%
wait
68%
crazy
66%
endearing
66%
Oh,
66%
respects
66%
were
66%
breaking
64%
acted
62%
wild
56%
intoxicating,
52%
complicated
50%
frustrating,
50%
now
50%
Got
44%
mistake
44%
by
42%
some
38%
away
30%
No matching quizzes found
Score Distribution
Percent of People with Each Score
Percentile by Number Answered
Your Score History
You have not taken this quiz